[Event "2BLS 2122 TSV Schott Mainz - SV 1947 Wa"]
[Site "?"]
[Date "2022.03.06"]
[Round "2.1"]
[White "Aczel, Gergely"]
[Black "Lobron, Eric"]
[Result "1-0"]
[WhiteElo "2539"]
[BlackElo "2505"]
[PlyCount "115"]
[EventDate "2022.??.??"]

1. d4 Nf6 2. c4 e6 3. Nc3 Bb4 4. e3 O-O 5. Bd2 d5 6. Nf3 b6 7. cxd5 exd5 8. Rc1
Re8 9. Bd3 Ba6 10. Bxa6 Nxa6 11. O-O Bf8 12. Qa4 Qc8 13. Ne5 c5 14. Be1 Qb7 15.
f3 Nc7 16. Bh4 Re6 17. Ne2 b5 18. Qc2 c4 19. e4 Nfe8 20. Nf4 Rh6 21. Bg3 Rd6
22. Ne2 Re6 23. Nf4 Rd6 24. Bf2 Rad8 25. Rcd1 Ra6 26. a3 dxe4 27. fxe4 Ne6 28.
Nd5 Rxd5 29. exd5 Qxd5 30. Kh1 Nd6 31. Bg1 Ng5 32. Qe2 Qe4 33. Qxe4 Ngxe4 34.
d5 Ra4 35. Nd7 c3 36. bxc3 Rxa3 37. Ra1 Rxc3 38. Rxa7 Rc8 39. Rfa1 f6 40. Ra8
Kf7 41. Rxc8 Nxc8 42. Nxf8 Kxf8 43. Ra8 Ned6 44. Bc5 Kf7 45. g4 h6 46. Bb4 f5
47. Ra6 Nc4 48. gxf5 N8b6 49. d6 Nd7 50. Ra7 Ke8 51. Rb7 Ncb6 52. Kg2 Nd5 53.
Rxb5 N7f6 54. Kf3 Kd7 55. Ba3 Kc6 56. Rb1 Nb6 57. Rc1+ Kd5 58. Rd1+ 1-0

[Event "2BLS 2122 TSV Schott Mainz - SV 1947 Wa"]
[Site "?"]
[Date "2022.03.06"]
[Round "2.2"]
[White "Balcerak, Jakob"]
[Black "Gschnitzer, Adrian"]
[Result "1/2-1/2"]
[WhiteElo "2476"]
[BlackElo "2422"]
[PlyCount "34"]
[EventDate "2022.??.??"]

1. d4 d5 2. c4 e6 3. Nf3 Nf6 4. Nc3 c6 5. e3 Nbd7 6. Qc2 Bd6 7. Bd3 dxc4 8.
Bxc4 b5 9. Bd3 Bb7 10. O-O O-O 11. a3 Rc8 12. b4 c5 13. bxc5 Bxf3 14. cxd6 Ng4
15. gxf3 Qh4 16. fxg4 Qxg4+ 17. Kh1 Qf3+ 1/2-1/2

[Event "2BLS 2122 TSV Schott Mainz - SV 1947 Wa"]
[Site "?"]
[Date "2022.03.06"]
[Round "2.3"]
[White "Muckle, Julius"]
[Black "David, Alexandru-Vasile"]
[Result "1/2-1/2"]
[WhiteElo "2390"]
[BlackElo "2436"]
[PlyCount "100"]
[EventDate "2022.??.??"]

1. d4 Nf6 2. c4 e6 3. Nf3 b6 4. g3 Bb7 5. Bg2 Be7 6. O-O O-O 7. Nc3 Ne4 8. d5
Nxc3 9. bxc3 Na6 10. Nd4 Nc5 11. Nb3 Rb8 12. Be3 Na6 13. a4 e5 14. a5 d6 15. f4
Bf6 16. f5 Bg5 17. Bf2 Nc5 18. h4 Bf6 19. axb6 axb6 20. Bxc5 bxc5 21. Nd2 e4
22. Nxe4 Be5 23. f6 gxf6 24. Bh3 Kh8 25. e3 Rg8 26. Qh5 Bc8 27. Bf5 Bxf5 28.
Rxf5 Qe7 29. Qf3 Rg7 30. Ra2 Rbg8 31. Rg2 Rg4 32. Rh5 R8g7 33. Qf5 R4g6 34. g4
Bxc3 35. g5 Qe5 36. Rf2 Qxf5 37. Rxf5 Be5 38. Kf2 fxg5 39. hxg5 Bb2 40. Kf3 Kg8
41. Rh2 Be5 42. Rh1 Kf8 43. Rh5 Bb2 44. Nf2 f6 45. Nd3 Bc3 46. Nf4 Ke7 47. Rxh7
Rxg5 48. Rxg7+ Rxg7 49. Ne6 Rh7 50. Nxc7 Be5 1/2-1/2

[Event "2BLS 2122 TSV Schott Mainz - SV 1947 Wa"]
[Site "?"]
[Date "2022.03.06"]
[Round "2.4"]
[White "Cicak, Slavko"]
[Black "Faerber, David"]
[Result "1-0"]
[WhiteElo "2488"]
[BlackElo "2324"]
[PlyCount "91"]
[EventDate "2022.??.??"]

1. c4 c6 2. e4 d5 3. cxd5 cxd5 4. exd5 Nf6 5. Qa4+ Nbd7 6. Nc3 g6 7. Nf3 Bg7 8.
Bc4 O-O 9. d3 a6 10. Qa3 b6 11. O-O Bb7 12. Bf4 b5 13. Bb3 Rc8 14. d4 Nb6 15.
d6 exd6 16. Bxd6 Nc4 17. Bxc4 Rxc4 18. Ne5 Rxd4 19. Bxf8 Bxf8 20. Qb3 Qc7 21.
Rfe1 Bd6 22. Nf3 Bxf3 23. gxf3 Bxh2+ 24. Kg2 Rh4 25. Nd5 Nxd5 26. Qxd5 Qc8 27.
Kf1 Bf4 28. Qe4 Kg7 29. Qd4+ Kh6 30. Qd3 f5 31. Rad1 Bg5 32. Kg2 Rh5 33. Rh1
Rxh1 34. Rxh1+ Kg7 35. Rd1 Bf6 36. Qd7+ Qxd7 37. Rxd7+ Kg8 38. b3 a5 39. Rd5
Bc3 40. Rxb5 Kg7 41. Rb7+ Kh6 42. a3 g5 43. b4 axb4 44. axb4 Kg6 45. b5 Kf6 46.
Rxh7 1-0

[Event "2BLS 2122 TSV Schott Mainz - SV 1947 Wa"]
[Site "?"]
[Date "2022.03.06"]
[Round "2.5"]
[White "Gschnitzer, Oswald"]
[Black "Cremer, Kevin"]
[Result "1-0"]
[WhiteElo "2362"]
[BlackElo "2276"]
[PlyCount "63"]
[EventDate "2022.??.??"]

1. Nf3 Nf6 2. c4 b6 3. g3 Bb7 4. Bg2 c5 5. O-O g6 6. d4 cxd4 7. Qxd4 Bg7 8. Nc3
Nc6 9. Qf4 h6 10. Rd1 Rc8 11. Bd2 g5 12. Qf5 g4 13. Ne5 Nd4 14. Qd3 Bxg2 15.
Kxg2 Ne6 16. Be3 Qc7 17. Qf5 h5 18. Rac1 d6 19. Nd5 Qb7 20. Nd3 Rxc4 21. Rxc4
Nxd5 22. Kg1 Nxe3 23. fxe3 b5 24. Rb4 a6 25. a4 Qb6 26. axb5 a5 27. Re4 Bh6 28.
Rf1 Bxe3+ 29. Kg2 Kd7 30. Qxf7 Ng5 31. Qxe7+ Kc8 32. Rxe3 1-0

[Event "2BLS 2122 TSV Schott Mainz - SV 1947 Wa"]
[Site "?"]
[Date "2022.03.06"]
[Round "2.6"]
[White "Goebel, Constantin"]
[Black "Fichter, Fabian"]
[Result "0-1"]
[WhiteElo "2272"]
[BlackElo "2215"]
[PlyCount "86"]
[EventDate "2022.??.??"]

1. e4 c6 2. Nc3 d5 3. d4 dxe4 4. Nxe4 Nf6 5. Ng3 h5 6. Bc4 Nbd7 7. Nf3 Nb6 8.
Bb3 h4 9. Nf1 h3 10. g3 Bf5 11. Ne3 Be4 12. Ne5 e6 13. f3 Bh7 14. c3 Bd6 15.
Qe2 Qe7 16. N3g4 Nxg4 17. Nxg4 O-O-O 18. O-O Kb8 19. Re1 c5 20. d5 c4 21. Bxc4
Nxd5 22. Nf2 Nb6 23. Bb3 Qc7 24. Ne4 Bxe4 25. fxe4 Nd7 26. Be3 Ne5 27. Bg5 Be7
28. Bf4 g5 29. Bxe5 Qxe5 30. Rad1 Rxd1 31. Rxd1 f5 32. Bc2 f4 33. g4 Qc5+ 34.
Kh1 Rd8 35. Re1 Qb6 36. Bb3 Bc5 37. Qf3 Rd2 38. Qxh3 Qd8 39. Bc4 Rxb2 40. Qf3
Qd2 41. Re2 Rb1+ 42. Kg2 Rg1+ 43. Kh3 Qd8 0-1

[Event "2BLS 2122 TSV Schott Mainz - SV 1947 Wa"]
[Site "?"]
[Date "2022.03.06"]
[Round "2.7"]
[White "Adler, Joel"]
[Black "Gohil, Harry"]
[Result "1-0"]
[WhiteElo "2222"]
[BlackElo "2271"]
[PlyCount "133"]
[EventDate "2022.??.??"]

1. d4 Nf6 2. c4 g6 3. Nc3 Bg7 4. e4 O-O 5. Be3 d6 6. f3 Nbd7 7. Nh3 c5 8. d5 a6
9. Nf2 b5 10. cxb5 Qa5 11. a4 Ne8 12. Ra3 Bxc3+ 13. bxc3 Nc7 14. Bc1 Nb6 15.
Be2 c4 16. O-O Bd7 17. Qc2 axb5 18. axb5 Qxb5 19. Rxa8 Rxa8 20. Be3 Qa5 21. Rb1
Na4 22. Nd1 Bb5 23. Bd4 e5 24. dxe6 Nxe6 25. Qd2 Nac5 26. Bf6 Nd7 27. Bh4 Qa2
28. Rb2 Qa6 29. Bg3 Ne5 30. Qd5 Bc6 31. Qxd6 Nd3 32. Bxd3 Rd8 33. Rb8 Qa7+ 34.
Nf2 Rxb8 35. Qxb8+ Qxb8 36. Bxb8 cxd3 37. Nxd3 Bb5 38. Nb4 f6 39. Nd5 Kf7 40.
Kf2 h5 41. g3 Bd3 42. Ke3 Bf1 43. Ba7 Nf8 44. Bd4 Nd7 45. h4 Bc4 46. Ba7 Bf1
47. Bd4 Bc4 48. Nf4 Nf8 49. Nd3 Nd7 50. Nb2 Bf1 51. c4 Ke6 52. Kf2 Bh3 53. Nd3
g5 54. hxg5 fxg5 55. f4 h4 56. fxg5 hxg3+ 57. Kxg3 Bf1 58. Nf4+ Kd6 59. c5+
Nxc5 60. Bxc5+ Kxc5 61. e5 Bc4 62. e6 Kd6 63. Kg4 Ke7 64. Kf5 Bb3 65. Ke5 Bc2
66. Nd5+ Ke8 67. Kf6 1-0

[Event "2BLS 2122 TSV Schott Mainz - SV 1947 Wa"]
[Site "?"]
[Date "2022.03.06"]
[Round "2.8"]
[White "Mueller, Marco"]
[Black "Sakkal, Ahmad"]
[Result "1-0"]
[WhiteElo "2217"]
[BlackElo "2046"]
[PlyCount "117"]
[EventDate "2022.??.??"]

1. d4 Nf6 2. c4 e6 3. Nf3 d5 4. Nc3 c5 5. cxd5 cxd4 6. Qxd4 exd5 7. Bg5 Be7 8.
e3 Nc6 9. Bb5 O-O 10. Qa4 Bd7 11. O-O a6 12. Bxc6 bxc6 13. Ne5 h6 14. Bh4 Qc7
15. Nxd7 Qxd7 16. Rfd1 Rfd8 17. Rac1 Rab8 18. Qc2 Rb4 19. Bxf6 Bxf6 20. b3 d4
21. Ne4 Be7 22. exd4 Rxd4 23. Rxd4 Qxd4 24. g3 Rd5 25. Qc4 c5 26. Qc2 f5 27.
Nc3 Re5 28. Rd1 Qg4 29. Nd5 Bf8 30. Ne3 Qf3 31. Rd8 Qe4 32. Qxe4 fxe4 33. Kf1
Kf7 34. Rd7+ Re7 35. Rd8 Ra7 36. Nd5 a5 37. Nc3 Re7 38. Ke2 g5 39. Nd5 Re5 40.
Ne3 a4 41. bxa4 Re7 42. Nc4 Rb7 43. a3 Be7 44. a5 Ke6 45. Rh8 Kd5 46. a6 Ra7
47. Ne3+ Kd4 48. Rxh6 Bf8 49. Rf6 Bg7 50. Rf5 Be5 51. Ng4 Bh8 52. Rf8 Bg7 53.
Rd8+ Kc3 54. Rd6 c4 55. Ne3 Bd4 56. Nd1+ Kb3 57. Rxd4 Rxa6 58. Rxe4 c3 59. Re3
1-0

[Event "2BLS 2122 TSV Schönaich - Stuttgarter "]
[Site "?"]
[Date "2022.05.13"]
[Round "2.1"]
[White "Macovei, Andrei"]
[Black "Plenca, Jadranko"]
[Result "1/2-1/2"]
[WhiteElo "2453"]
[BlackElo "2446"]
[PlyCount "44"]
[EventDate "2022.??.??"]

1. e4 e5 2. Nf3 Nc6 3. Bc4 Bc5 4. c3 Nf6 5. d3 O-O 6. O-O d6 7. h3 h6 8. Re1 a6
9. a4 Re8 10. Nbd2 Be6 11. Bxe6 Rxe6 12. b4 Ba7 13. Bb2 Ne7 14. d4 Ng6 15. c4
Nh7 16. g3 Ng5 17. Kg2 Nxf3 18. Nxf3 Qf6 19. h4 exd4 20. Bxd4 Ne5 21. Bxa7 Nxf3
22. Qxf3 Rxa7 1/2-1/2

[Event "2BLS 2122 TSV Schönaich - Stuttgarter "]
[Site "?"]
[Date "2022.05.13"]
[Round "2.2"]
[White "Doric, Darko"]
[Black "Kvetny, Mark"]
[Result "1/2-1/2"]
[WhiteElo "2481"]
[BlackElo "2420"]
[PlyCount "54"]
[EventDate "2022.??.??"]

1. d4 d5 2. c4 dxc4 3. e4 b5 4. a4 c6 5. axb5 cxb5 6. Nc3 a6 7. Nxb5 axb5 8.
Rxa8 Bb7 9. Ra2 e6 10. f3 f5 11. exf5 Ne7 12. b3 Nxf5 13. bxc4 Qh4+ 14. g3 Nxg3
15. hxg3 Qxh1 16. Kf2 Bd6 17. Bg2 Qh2 18. Ra7 Qxg3+ 19. Kf1 Bc6 20. Qe2 O-O 21.
Qxe6+ Kh8 22. Ne2 Rxf3+ 23. Bxf3 Qxf3+ 24. Ke1 Bb4+ 25. Bd2 Qh1+ 26. Kf2 Qf3+
27. Ke1 Qh1+ 1/2-1/2

[Event "2BLS 2122 TSV Schönaich - Stuttgarter "]
[Site "?"]
[Date "2022.05.13"]
[Round "2.3"]
[White "Benkovic, Petar"]
[Black "Saric, Ante"]
[Result "0-1"]
[WhiteElo "2361"]
[BlackElo "2513"]
[PlyCount "88"]
[EventDate "2022.??.??"]

1. Nf3 Nf6 2. c4 e6 3. b3 d5 4. Bb2 c5 5. e3 Nc6 6. cxd5 exd5 7. Bb5 Bd6 8. O-O
O-O 9. d4 cxd4 10. Nxd4 Bc7 11. Bxc6 bxc6 12. Qc2 Ba6 13. Rc1 c5 14. Nf5 Rc8
15. Nd2 Re8 16. Re1 Ba5 17. Bc3 Bxc3 18. Qxc3 Qd7 19. Ng3 d4 20. exd4 cxd4 21.
Qa5 Bd3 22. Nf3 Bg6 23. Rxe8+ Rxe8 24. Rd1 d3 25. h3 Nd5 26. Re1 Rc8 27. Ne5
Qd6 28. Qd2 Qb4 29. Nf1 Qxd2 30. Nxd2 Nc3 31. a4 Ne2+ 32. Kf1 Rc2 33. Nef3 f6
34. b4 Bf7 35. b5 Ra2 36. g3 Rxa4 37. Rb1 Bd5 38. b6 axb6 39. Rxb6 Ra1+ 40. Ne1
Rd1 41. Rd6 Nc3 42. Rd8+ Kf7 43. Rc8 Nb1 44. Nxb1 Rxb1 0-1

[Event "2BLS 2122 TSV Schönaich - Stuttgarter "]
[Site "?"]
[Date "2022.05.13"]
[Round "2.4"]
[White "Plenca, Julijan"]
[Black "Neyman, Igor"]
[Result "1/2-1/2"]
[WhiteElo "2443"]
[BlackElo "2336"]
[PlyCount "84"]
[EventDate "2022.??.??"]

1. e4 c5 2. Nf3 Nc6 3. d4 cxd4 4. Nxd4 e5 5. Nb5 d6 6. g3 Be7 7. Bg2 Be6 8. a4
a6 9. N5c3 Nf6 10. O-O Nb4 11. Bg5 Rc8 12. Na3 O-O 13. Qd2 Qd7 14. b3 Rfd8 15.
Bxf6 Bxf6 16. Nd5 Nxd5 17. exd5 Bf5 18. c4 Qc7 19. a5 b6 20. Rfc1 h6 21. h4 Rb8
22. axb6 Qxb6 23. c5 dxc5 24. Nc4 Qxb3 25. Rxa6 Qd3 26. Qa5 Bd7 27. Ne3 e4 28.
Bf1 Qd4 29. Rxc5 Qb2 30. Rc2 Qb1 31. Qd2 Rdc8 32. Rxc8+ Rxc8 33. d6 Rd8 34. Kg2
Be6 35. Be2 Qb3 36. Qa5 Qb8 37. Bc4 Qc8 38. Bxe6 Qxe6 39. Qc7 h5 40. Rb6 Kh7
41. Qc5 g6 42. d7 Be7 1/2-1/2

[Event "2BLS 2122 TSV Schönaich - Stuttgarter "]
[Site "?"]
[Date "2022.05.13"]
[Round "2.5"]
[White "Vyval, Volodymyr"]
[Black "Menezes, Christoph"]
[Result "1/2-1/2"]
[WhiteElo "2249"]
[BlackElo "2422"]
[PlyCount "77"]
[EventDate "2022.??.??"]

1. e4 c5 2. Nf3 d6 3. d4 cxd4 4. Nxd4 Nf6 5. Nc3 a6 6. Bg5 e6 7. f4 h6 8. Bh4
Qb6 9. Bxf6 gxf6 10. Qd2 Qxb2 11. Rb1 Qa3 12. Be2 h5 13. O-O Qa5 14. Kh1 Be7
15. f5 Nc6 16. fxe6 fxe6 17. Nxc6 bxc6 18. Qd3 Bd7 19. Rb7 Qe5 20. Na4 Bc8 21.
Rb3 Bd8 22. Nb6 Bxb6 23. Rxb6 Bd7 24. Rxa6 Rxa6 25. Qxa6 Ke7 26. Bd3 h4 27. h3
Rg8 28. Rb1 Rg5 29. Qa7 Qa5 30. Qb8 Qd2 31. Rg1 Rg7 32. a4 Qa5 33. Qh8 Qg5 34.
Qa8 Qe3 35. a5 Rg3 36. Rb1 Qd2 37. Rg1 Qe3 38. Rb1 Qd2 39. Rg1 1/2-1/2

[Event "2BLS 2122 TSV Schönaich - Stuttgarter "]
[Site "?"]
[Date "2022.05.13"]
[Round "2.6"]
[White "Richter, Nils"]
[Black "Beyer, Christian"]
[Result "1-0"]
[WhiteElo "2381"]
[BlackElo "2293"]
[PlyCount "61"]
[EventDate "2022.??.??"]

1. d4 d5 2. c4 e6 3. Nf3 c5 4. cxd5 exd5 5. g3 Nc6 6. Bg2 Nf6 7. O-O Be7 8.
dxc5 Bxc5 9. a3 Ne4 10. Nfd2 f5 11. Nc3 Be6 12. Nb3 Bb6 13. Na4 d4 14. Nd2 Nxd2
15. Bxd2 O-O 16. Rc1 Bd5 17. Bg5 Qd6 18. Bf4 Qd8 19. Qd3 Bxg2 20. Kxg2 Qd5+ 21.
Qf3 Qe4 22. Qxe4 fxe4 23. e3 dxe3 24. Nxb6 axb6 25. Bxe3 Rf5 26. Rfd1 Rb5 27.
Rd7 Rxb2 28. Rxb7 Rc8 29. Bd4 Rd2 30. Rxg7+ Kf8 31. Rxh7 1-0

[Event "2BLS 2122 TSV Schönaich - Stuttgarter "]
[Site "?"]
[Date "2022.05.13"]
[Round "2.7"]
[White "Fritsch, Rolf"]
[Black "Lorscheid, Gerhard"]
[Result "1-0"]
[WhiteElo "2183"]
[BlackElo "2160"]
[PlyCount "77"]
[EventDate "2022.??.??"]

1. d4 d6 2. Nf3 Nf6 3. Nc3 Nbd7 4. e4 e5 5. Bc4 Be7 6. O-O O-O 7. Re1 c6 8. a4
b6 9. Bf1 a6 10. b3 Re8 11. Ba3 Bb7 12. Qd2 Qc7 13. Rad1 Rac8 14. dxe5 dxe5 15.
Bxe7 Rxe7 16. Nh4 Nf8 17. Nf5 Rd7 18. Qe3 Rxd1 19. Rxd1 Rd8 20. Rxd8 Qxd8 21.
Qd3 Qxd3 22. Bxd3 Ne8 23. Nd1 Nd7 24. b4 Kf8 25. Nb2 g6 26. Ne3 b5 27. c4 Ke7
28. f3 bxa4 29. Nxa4 Nc7 30. c5 Nb5 31. Nc4 Bc8 32. Nab6 Bb7 33. Nxd7 Kxd7 34.
Nxe5+ Ke6 35. Nc4 Nc3 36. Nd6 Ba8 37. Bxa6 f6 38. Kf2 Ke5 39. Nc4+ 1-0

[Event "2BLS 2122 SG Speyer-Schwegenheim - SV W"]
[Site "?"]
[Date "2022.03.06"]
[Round "2.1"]
[White "Karsay, Pascal"]
[Black "Hera, Imre Jr."]
[Result "0-1"]
[WhiteElo "2302"]
[BlackElo "2576"]
[PlyCount "112"]
[EventDate "2022.??.??"]

1. Nf3 d5 2. e3 Nf6 3. c4 e6 4. Nc3 dxc4 5. Bxc4 a6 6. O-O b5 7. Be2 Bb7 8. a4
b4 9. Nb1 Be7 10. d3 O-O 11. Nbd2 c5 12. e4 Nc6 13. Nb3 Qc7 14. Qc2 Rac8 15. h3
Qb8 16. Be3 Nd4 17. Bxd4 cxd4 18. Qd2 e5 19. Rfc1 Nd7 20. Bd1 Ba8 21. Rxc8 Rxc8
22. Rc1 Rc7 23. Rc2 Bd6 24. Qc1 Rxc2 25. Qxc2 Qc7 26. Nfd2 Qxc2 27. Bxc2 Kf8
28. Nc4 Bc7 29. Kf1 Ke7 30. Ke2 f5 31. g3 g6 32. f3 Bc6 33. exf5 gxf5 34. f4
Kf6 35. fxe5+ Bxe5 36. g4 Bg2 37. gxf5 Bxh3 38. Ncd2 Bxf5 39. Nf3 Bg4 40. Kf2
h5 41. Nbxd4 Bxf3 42. Nxf3 Bxb2 43. d4 a5 44. Kg3 Nf8 45. Kh4 Ne6 46. Kxh5 Bxd4
47. Nd2 Bb6 48. Kg4 Nd4 49. Bd1 Bc7 50. Nb3 Ke5 51. Kg3 Nxb3 52. Bxb3 Kd4+ 53.
Kf3 Kc3 54. Bf7 b3 55. Ke2 Kc2 56. Bg6+ Kc1 0-1

[Event "2BLS 2122 SG Speyer-Schwegenheim - SV W"]
[Site "?"]
[Date "2022.03.06"]
[Round "2.2"]
[White "Pavlidis, Antonios"]
[Black "Nasshan, Dennis"]
[Result "1-0"]
[WhiteElo "2546"]
[BlackElo "2297"]
[PlyCount "143"]
[EventDate "2022.??.??"]

1. e4 c5 2. Nf3 d6 3. Bb5+ Bd7 4. Bxd7+ Qxd7 5. O-O Nc6 6. c3 d5 7. exd5 Qxd5
8. d4 e6 9. Be3 cxd4 10. cxd4 Nf6 11. Nc3 Qd6 12. Nb5 Qb8 13. Nc3 Qd6 14. Ne5
Be7 15. Nb5 Qd8 16. Qf3 O-O 17. Nxc6 bxc6 18. Qxc6 Qa5 19. Nc3 Rab8 20. Qa4
Qxa4 21. Nxa4 Nd5 22. Rac1 Rfc8 23. a3 Kf8 24. Rxc8+ Rxc8 25. Rc1 Rxc1+ 26.
Bxc1 Ke8 27. Kf1 Kd7 28. Ke2 Kc6 29. Kd3 Kb5 30. Nc3+ Kc6 31. Ne4 h6 32. Bd2
Kb5 33. Nc3+ Kc6 34. a4 a6 35. Ne4 Bf8 36. g3 Be7 37. Ba5 f5 38. Nc3 Nxc3 39.
bxc3 g5 40. h3 h5 41. c4 g4 42. hxg4 hxg4 43. Bd2 Bd8 44. Bf4 Be7 45. Be5 Bd8
46. Ke2 Be7 47. f3 gxf3+ 48. Kxf3 Bg5 49. g4 fxg4+ 50. Kxg4 Be7 51. Kh5 Kd7 52.
Kg6 Bb4 53. Kf7 Bc3 54. c5 Bb4 55. Kf6 Ba3 56. c6+ Kxc6 57. Kxe6 Bb4 58. d5+
Kb7 59. Bd6 Bd2 60. Bc5 Ba5 61. Bd4 Bb4 62. Bf6 Ba5 63. d6 Kc6 64. d7 Bb6 65.
Ke7 Bc7 66. Ke8 Ba5 67. Bd8 Bd2 68. Bb6 Bg5 69. Be3 Bh4 70. Bc1 Kd6 71. Ba3+
Ke6 72. a5 1-0

[Event "2BLS 2122 SG Speyer-Schwegenheim - SV W"]
[Site "?"]
[Date "2022.03.06"]
[Round "2.3"]
[White "Baerwinkel, Tobias"]
[Black "Nemeth, Miklos"]
[Result "0-1"]
[WhiteElo "2333"]
[BlackElo "2451"]
[PlyCount "64"]
[EventDate "2022.??.??"]

1. d4 d5 2. c4 Nc6 3. cxd5 Qxd5 4. e3 e5 5. Nc3 Bb4 6. a3 Bxc3+ 7. bxc3 Nf6 8.
c4 Qd7 9. d5 Ne7 10. Bb2 Ng6 11. Nf3 Qd6 12. Qc2 O-O 13. a4 Re8 14. Nd2 e4 15.
Rc1 Bf5 16. h3 Ne5 17. g4 Bg6 18. Be2 h6 19. Qc3 Nfd7 20. c5 Qxd5 21. h4 Rad8
22. Nc4 f6 23. g5 Nd3+ 24. Bxd3 exd3 25. Rg1 Ne5 26. Nd2 Kh7 27. gxf6 gxf6 28.
e4 Bxe4 29. f4 Nf3+ 30. Kf2 Nxg1 31. Rxg1 Re6 32. Nxe4 Qxe4 0-1

[Event "2BLS 2122 SG Speyer-Schwegenheim - SV W"]
[Site "?"]
[Date "2022.03.06"]
[Round "2.4"]
[White "Kovacs, Gabor"]
[Black "Ollenberger, Roland"]
[Result "0-1"]
[WhiteElo "2422"]
[BlackElo "2266"]
[PlyCount "78"]
[EventDate "2022.??.??"]

1. Nf3 Nf6 2. c4 d6 3. d4 g6 4. g3 Bg7 5. Bg2 O-O 6. O-O Nc6 7. Nc3 e5 8. dxe5
dxe5 9. Bg5 Qxd1 10. Rfxd1 h6 11. Bxf6 Bxf6 12. Nd5 Bd8 13. Rac1 Bg4 14. Kf1 a5
15. Nc3 Be6 16. Nd2 Rb8 17. Nb5 Nb4 18. Nc3 Na6 19. Nb3 c6 20. Na4 Re8 21. Rc3
Bc7 22. Nac5 Nxc5 23. Nxc5 Rbd8 24. Rb1 Bc8 25. Rb3 Rd4 26. Rc1 Red8 27. Rd3
Rxd3 28. Nxd3 Kf8 29. Ke1 Ke7 30. Rc3 f5 31. e4 Rd4 32. Nc5 Bd6 33. Nd3 fxe4
34. c5 exd3 35. cxd6+ Kxd6 36. Kd2 Be6 37. a3 Bd5 38. f3 Bc4 39. b3 Bd5 0-1

[Event "2BLS 2122 SG Speyer-Schwegenheim - SV W"]
[Site "?"]
[Date "2022.03.06"]
[Round "2.5"]
[White "Muranyi, Karl-Jasmin"]
[Black "Bodrozic, Tomislav"]
[Result "1/2-1/2"]
[WhiteElo "2334"]
[BlackElo "2349"]
[PlyCount "25"]
[EventDate "2022.??.??"]

1. d4 d5 2. Bf4 Nf6 3. c3 c5 4. e3 Nc6 5. Nd2 Bf5 6. Qb3 Qc8 7. a4 e6 8. Be2
Be7 9. Ngf3 O-O 10. Ne5 Nxe5 11. Bxe5 Ne4 12. Nxe4 Bxe4 13. O-O 1/2-1/2

[Event "2BLS 2122 SG Speyer-Schwegenheim - SV W"]
[Site "?"]
[Date "2022.03.06"]
[Round "2.6"]
[White "Berend, Elvira"]
[Black "Feldmann, Johannes"]
[Result "1-0"]
[WhiteElo "2323"]
[BlackElo "2213"]
[PlyCount "89"]
[EventDate "2022.??.??"]

1. d4 e6 2. Nf3 Nf6 3. Bg5 c5 4. e3 cxd4 5. exd4 b6 6. Bd3 Bb7 7. O-O Be7 8.
Bxf6 Bxf6 9. Nbd2 O-O 10. c3 d6 11. Be4 Qc7 12. Re1 Nd7 13. Qc2 Bxe4 14. Nxe4
d5 15. Ng3 b5 16. Qd2 Rfb8 17. Nh5 Be7 18. Ne5 g6 19. Nxf7 Kxf7 20. Qh6 Nf8 21.
Qg7+ Ke8 22. Nf6+ Kd8 23. Nxh7 Nxh7 24. Qxh7 Qd7 25. Qxg6 Rb6 26. Re3 Rc8 27.
Rae1 Rcc6 28. Qg4 b4 29. h4 bxc3 30. bxc3 Bf8 31. Rf3 Qg7 32. Qh5 Rc7 33. g3
Ba3 34. Kg2 Kc8 35. Qe8+ Kb7 36. Rxe6 Rxe6 37. Qxe6 Qd7 38. Qxd7 Rxd7 39. g4
Bb2 40. g5 Rc7 41. g6 Kb6 42. h5 Bc1 43. Rf6+ Kb5 44. f4 Rxc3 45. g7 1-0

[Event "2BLS 2122 SG Speyer-Schwegenheim - SV W"]
[Site "?"]
[Date "2022.03.06"]
[Round "2.7"]
[White "Musiolik, David"]
[Black "Berend, Fred"]
[Result "1-0"]
[WhiteElo "2220"]
[BlackElo "2318"]
[PlyCount "101"]
[EventDate "2022.??.??"]

1. Nf3 c5 2. e4 e6 3. d4 cxd4 4. Nxd4 Nc6 5. Nc3 a6 6. Be3 Nf6 7. Qd2 Bb4 8.
Bd3 d5 9. exd5 Nxd5 10. Nxc6 bxc6 11. Bd4 O-O 12. a3 Bxc3 13. Bxc3 c5 14. O-O
Bb7 15. Bc4 Nxc3 16. Qxc3 Qb6 17. Rad1 Rfd8 18. f3 Rd4 19. Rxd4 cxd4 20. Qb4
Qa7 21. Qd2 Rc8 22. Bd3 a5 23. b3 Bd5 24. Kh1 f6 25. Qf4 Rc6 26. Qh4 g5 27. Qg4
e5 28. f4 Qe7 29. fxg5 fxg5 30. Rf5 h6 31. h4 Rf6 32. hxg5 Rxf5 33. Qxf5 hxg5
34. Qg6+ Kf8 35. Qh6+ Ke8 36. Qh8+ Kd7 37. Bf5+ Kd6 38. b4 axb4 39. axb4 Kc6
40. Qa8+ Qb7 41. Qe8+ Kb6 42. Qxe5 Bxg2+ 43. Kg1 Qd5 44. Qb8+ Qb7 45. Qd8+ Ka7
46. Qxd4+ Kb8 47. Qe5+ Ka8 48. Qe8+ Ka7 49. Qe3+ Ka8 50. Qa3+ Kb8 51. Qg3+ 1-0

[Event "2BLS 2122 SG Speyer-Schwegenheim - SV W"]
[Site "?"]
[Date "2022.03.06"]
[Round "2.8"]
[White "Kraemer, Enrico"]
[Black "Voelbel, Patrick"]
[Result "1/2-1/2"]
[WhiteElo "2217"]
[BlackElo "2106"]
[PlyCount "88"]
[EventDate "2022.??.??"]

1. d4 d5 2. Nf3 Nf6 3. g3 c6 4. Bg2 Bf5 5. c4 e6 6. Nc3 Nbd7 7. Qb3 Qb6 8. c5
Qxb3 9. axb3 h6 10. b4 a6 11. h3 Rc8 12. g4 Bh7 13. Bf4 Be7 14. Nd2 O-O 15. Nb3
Bd8 16. Bd6 Re8 17. f4 Ne4 18. Nxe4 Bxe4 19. Bxe4 dxe4 20. Nd2 Nf6 21. O-O e3
22. Nc4 Nd5 23. Ra3 Bc7 24. Bxc7 Rxc7 25. Nxe3 Nxb4 26. Rb3 Nd5 27. Nc4 f5 28.
Nd6 Ree7 29. Kg2 Rcd7 30. Kf3 g6 31. Rg1 Kh7 32. e3 Nf6 33. Rd3 Rg7 34. Rd2 Nd5
35. Rdg2 b5 36. Re2 a5 37. e4 Ne7 38. Rge1 Ra7 39. Ne8 Rf7 40. Nd6 Rg7 41. exf5
exf5 42. Ne8 Rf7 43. Nd6 Rg7 44. Ne8 Rf7 1/2-1/2

[Event "2BLS 2122 TSV Schott Mainz - Stuttgarte"]
[Site "?"]
[Date "2022.04.30"]
[Round "3.1"]
[White "Macovei, Andrei"]
[Black "Lobron, Eric"]
[Result "1-0"]
[WhiteElo "2453"]
[BlackElo "2503"]
[PlyCount "83"]
[EventDate "2022.??.??"]

1. e4 e6 2. d4 d5 3. Nc3 Bb4 4. e5 c5 5. a3 Ba5 6. b4 cxd4 7. Nb5 Bc7 8. f4 Bd7
9. Nf3 Bxb5 10. Bxb5+ Nc6 11. Nxd4 Nge7 12. O-O O-O 13. Nxc6 bxc6 14. Bd3 a5
15. Rb1 axb4 16. axb4 g6 17. Kh1 Nf5 18. g4 Ng7 19. Bb2 Qh4 20. Kg2 Rfb8 21.
Bc3 c5 22. Be1 Qe7 23. bxc5 Qxc5 24. Bf2 Qc6 25. Qf3 h5 26. h3 Qc3 27. Be1 Qd4
28. Bh4 Rxb1 29. Rxb1 Ra1 30. Bf2 Qa4 31. Rb7 Qc6 32. Rb5 Ra2 33. Rb1 Qa8 34.
Qe3 hxg4 35. hxg4 d4+ 36. Qf3 g5 37. Be4 Qa3 38. Rb7 Qa4 39. Qh3 gxf4 40. Qh7+
Kf8 41. Qh8+ Ke7 42. Qxg7 1-0

[Event "2BLS 2122 TSV Schott Mainz - Stuttgarte"]
[Site "?"]
[Date "2022.04.30"]
[Round "3.2"]
[White "Krivonosov, Oleg"]
[Black "Benkovic, Petar"]
[Result "1/2-1/2"]
[WhiteElo "2367"]
[BlackElo "2361"]
[PlyCount "103"]
[EventDate "2022.??.??"]

1. Nf3 d5 2. d4 Nf6 3. c4 e6 4. g3 Be7 5. Bg2 O-O 6. O-O c6 7. Qc2 b6 8. Rd1
Nbd7 9. b3 a5 10. Bf4 Ba6 11. Nbd2 Nh5 12. Ne5 Nxf4 13. gxf4 Rc8 14. e3 Nxe5
15. dxe5 Qc7 16. Nf3 Rfd8 17. cxd5 cxd5 18. Qxc7 Rxc7 19. Bf1 Bxf1 20. Kxf1 Ba3
21. Nd4 Bb2 22. Rab1 Bxd4 23. Rxd4 Rdc8 24. Rbd1 g6 25. R1d2 Rc1+ 26. Ke2 Kg7
27. e4 dxe4 28. Rxe4 R8c5 29. Kf3 R1c2 30. Red4 R5c3+ 31. Kg2 h5 32. h4 b5 33.
Rd7 Rxd2 34. Rxd2 a4 35. bxa4 bxa4 36. Rd4 Ra3 37. Rd2 Kf8 38. Rb2 Ke7 39. Rb7+
Ke8 40. Rb8+ Kd7 41. Rb7+ Ke8 42. Rb8+ Ke7 43. Rb7+ Kf8 44. Rb8+ Kg7 45. Rb2
Rd3 46. Rb4 Ra3 47. Rb2 Kf8 48. Rb8+ Ke7 49. Rb7+ Ke8 50. Rb8+ Kd7 51. Rb7+ Ke8
52. Rb8+ 1/2-1/2